000 00884cab a2200253 4500
001 ABS58154
008 090401t1998 xxu||||| |||| 00| 0 eng d
035 _a(Sirsi) u83200
041 _aeng
245 _aRegional survey: Merseyside, Lancs & Cumbria
260 _c1998
350 _a0
490 _aProperty Week
_v61(1) 9 January 1998, 30-53(10)
520 _aA survey of Merseyside, Lancashire and Cumbria considering planning issues and office, retail, and industrial property markets.
650 _aCUMBRIA
650 _aINDUSTRIAL MARKET
650 _aLANCASHIRE
650 _aMERSEYSIDE
650 _aPROPERTY-COMMERCIAL PROPERTY-OFFICE PROPERTY-OFFICE PROPERTY MARKET
650 _aPROPERTY-COMMERCIAL PROPERTY-RETAIL PROPERTY-RETAIL PROPERTY MARKET
690 _aPROPERTY-COMMERCIAL PROPERTY-COMMERCIAL PROPERTY MARKET
942 _n0
948 _c20/01/1998
999 _c52538
_d52538